LEADER 01140nam a2200265 a 4500 001 000000120939 003 CaOOAMICUS 005 20100326144701.0 008 100326t2010 it u000 u ita r 020 $a978-88-311-0164-6 040 $aPUL$bita$dReb 100 1 $aCicchese, Gennaro,$d1961-$0(OLS)http://pul/name/33326 245 10$aIncontro a te :$bantropologia del dialogo /$cGennaro Cicchese. 260 $aRoma :$bCittà Nuova,$c©2010. 300 $a145 p. ;$c20 cm 490 1 $aIdee.$aFilosofia.$aNuova serie ;$v155 504 $aBibliografia p. [137]-142. 650 4$aAntropologia filosofica.$0(OLS)http://pul/subject/676 830 0$aIdee.$pFilosofia.$pNuova serie ;$v155.$0(OLS)http://pul/title/81879 850 $aPUL 852 $aPUL$W1$xSL Filosofia 2$y80$mPhil A15 155$j138679$qStampati Altre Collocazioni$B137904$CPULBib$Z2$F137904 $H113217 $82 941 1 $a10 996 $6020$a978-88-311-0164-6$9(OLS)http://pul/number/143698 996 $6245$aIncontro a te :$bantropologia del dialogo$9(OLS)http://pul/title/152103 996 $6260$aRoma :$bCittà Nuova$9(OLS)http://pul/publisher/47927 LEADER 01433nam a2200301 u 4500 001 000000145223 003 CaOOAMICUS 005 20150723155047.0 008 150723s1968 it u000 u ita u 040 $aPUL(R)$bita 100 1 $aMarlé, René,$cS.I.$0(OLS)http://pul/name/10466 240 10$aProblème théologique de l'herméneutique.$lItaliano.$0(OLS)http://pul/title/56294 245 13$aIl problema teologico dell'ermeneutica /$cRené Marlé ; traduzione dal francese di Mario Cuminetti e di Giambattista Muzzi. 260 $aBrescia :$bQueriniana,$c1968. 300 $a160 p.$c20 cm 490 1 $aGiornale di teologia ;$v24 504 $aBibliografia a piè pagina. 650 4$aErmeneutica.$0(OLS)http://pul/subject/438 700 1 $aCuminetti, Mario,$csac.,$d1934-$0(OLS)http://pul/name/146 700 1 $aMuzzi, Gianbattista.$0(OLS)http://pul/name/30702 830 0$aGiornale di teologia ;$v24.$0(OLS)http://pul/title/9027 850 $aPUL 852 $aPUL$W1$xDP1 Fondo S. Lanza$y121$m3 M 24.24$j167903$qFondi$B168462$CPULBib$Z2$F168462 $HLAN358 $82 852 $aPUL$W1$xDP1 Fondo Bordoni$y120$m3 F 37.24$j173180$qFondi$B175258$CPULBib$Z2$F175258 $HBor1546 $81 941 1 $a1 983 0$aGdT. 996 $6245$aIl problema teologico dell'ermeneutica$9(OLS)http://pul/title/56295 996 $6260$aBrescia :$bQueriniana$9(OLS)http://pul/publisher/47906